000 00621nam a22002657a 4500
003 UA-OsUOA
001 25257
007 ta
008 20040330b un ||||| |||| 00| 0 ukr d
100 _aГусейнов А.А.
700 _aАпресян Р.Г.
090 _a17(075.8)
_bГ96
942 _cBK
040 _aUA-OsUOA
_brus
_cUA-OsUOA
_dUA-OsUOA
245 _aЭтика
_bУчебник
300 _a472 с.
955 _a0
041 _arus
080 _a17(075.8)
020 _a5-8297-0012-3
260 _aМосква
_bГардарики
_c2004
044 _aRU
650 7 _2UDC
999 _c311550
_d311550